000 00434nam a2200181Ia 4500
001 18678
005 20260306171648.0
008 260306s9999||||xx |||||||||||||| ||und||
041 _aESP
082 _a658.45
_bR75
100 _aRodríguez M., Darío
_eAUT
245 0 _aComunicaciones de la organización
260 _c2009
300 _a664 páginas :
_c23 cm.
650 _aGEN
654 _aCAN
942 _cLIB
_dJUS
_fJUS
_2ddc
_n
999 _c18678
_d18678